Návrh a výroba šperkovnice pomocou počítačom podporovaných technológií
Uložené v:
| Hlavný autor: | |
|---|---|
| Ďalší autori: | |
| Médium: | Rukopis Kniha |
| Jazyk: | Slovak |
| Vydavateľské údaje: |
2015
|
| Predmet: | |
| On-line prístup: | http://is.stuba.sk/zp/portal_zp.pl?podrobnosti=109938 |
| Tagy: |
Žiadne tagy, Buďte prvý, kto otaguje tento záznam!
|
MARC
| LEADER | 00000ntm a22000003a 4500 | ||
|---|---|---|---|
| 001 | stuzp51023 | ||
| 003 | SK-STU | ||
| 005 | 20160719153730.1 | ||
| 007 | ta | ||
| 008 | 150427s2015----xo-----f-mn---000-0-slo-d | ||
| 040 | |a STU |b slo | ||
| 041 | 0 | |a slo | |
| 100 | 1 | |a Plankóová, Andrea, |d 1990- |u 063000 |4 aut |U MTF Materiálovotechnologická fakulta |T MTF Ústav výrobných technológií |X 6812 |U M3000 |Y 83 |7 A000006812 | |
| 242 | 0 | 1 | |a Designing and producing of jewel box with help of computer based Technologies |y eng |
| 245 | 1 | 0 | |a Návrh a výroba šperkovnice pomocou počítačom podporovaných technológií |
| 260 | |c 2015 | ||
| 650 | 4 | |a šperkovnica |2 slo | |
| 650 | 4 | |a Rapid Prototyping |2 slo | |
| 650 | 4 | |a Fused Deposition Modeling |2 slo | |
| 650 | 4 | |a softvér Delcam ArtCAM |2 slo | |
| 650 | 4 | |a software Delcam ArtCAM |2 eng | |
| 650 | 4 | |a jewel box |2 eng | |
| 650 | 4 | |a Rapid Prototyping |2 eng | |
| 650 | 4 | |a Fused Deposition Modeling |2 eng | |
| 700 | 1 | |a Morovič, Ladislav, |d 1979- |4 ths |X 38280 |7 A000038280 | |
| 856 | 4 | |u http://is.stuba.sk/zp/portal_zp.pl?podrobnosti=109938 | |
| 996 | |c M* DP-12396 |l MMSKP |s P |a 0 |w stuzp51023_0001 | ||
| SQL | |a stuzp51023 |b DDP |c SLO |d Návrh a výroba šperkovnice pomocou počítačom podporovaných technológií |e 6812 |f Plankóová, Andrea |g 063000 |h 38280 |i Morovič, Ladislav |j 20150605 |k 187 |l 06 |m http://is.stuba.sk/zp/portal_zp.pl?podrobnosti=109938 |n I-PPN |o 5.2.51. výrobné technológie | ||